000 00568nam a2200193 a 4500
001 000045319
005 20201002050047.0
008 101217s1994 sp f 000 0 spa d
020 _a8420646490
040 _aDO-SdBNP
_bspa
_cBNPHU
082 _axxxxx
_bxxxxx
100 1 _aCalvo Serraller, Francisco
_973341
245 1 0 _aEl Greco /
_cFrancisco Calvo Serraller.
260 _aMadrid :
_bAlianza,
_bGrupo Anaya,
_c1994.
300 _aviii, 63 p. :
_blam. ;
_c15 cm.
490 1 _aAlianza Cien
_v49
500 _aLibro de bolsillo
830 0 _aAlianza Cien ;
_v49
_912832
999 _c44808
_d44808